000 00581nam a2200193 a 4500
005 20210223121315.0
008 991125s1983 mad 000 0 spa u
020 _a847046146X
035 _aUPN01000015507
049 _aCG
050 4 _aLB1025
_bR6.4
100 1 _aRodríguez Diéguez, José Luis,
_d1940-
_937522
245 1 0 _aDidáctica general :
_bobjetivos y evaluación /
_cJosé Luis Rodríguez Diéguez.
260 _aMadrid :
_bCincel :
_bKapelusz,
_c1983.
300 _a432 p.
440 0 _aDidáctica ;
_v1
650 4 _aEDUCACION -
_xFUNDAMENTOS
_916226
905 _aLibro
999 _c15507
_d15507